Timber Utilization Contract Between The Government Of Ghana And Rakhishem Company Limited in Bimpong Forest Reserve 2022 (Record no. 2915)
[ view plain ]
| 000 -LEADER | |
|---|---|
| fixed length control field | 00551nam a2200145Ia 4500 |
| 008 - FIXED-LENGTH DATA ELEMENTS--GENERAL INFORMATION | |
| fixed length control field | 240429s9999||||xx |||||||||||||| ||und|| |
| 041 ## - LANGUAGE CODE | |
| Language code of text/sound track or separate title | eng |
| 082 ## - DEWEY DECIMAL CLASSIFICATION NUMBER | |
| Classification number | MLNR22(BFR) |
| 100 ## - MAIN ENTRY--PERSONAL NAME | |
| Personal name | Ministry Of Lands And Natural Resources |
| 245 #0 - TITLE STATEMENT | |
| Title | Timber Utilization Contract Between The Government Of Ghana And Rakhishem Company Limited in Bimpong Forest Reserve 2022 |
| 300 ## - PHYSICAL DESCRIPTION | |
| Extent | 20p:tabs |
| 650 ## - SUBJECT ADDED ENTRY--TOPICAL TERM | |
| Topical term or geographic name entry element | Timber Utilization Contract Between The Government Of Ghana And - Rakhishem Company Limited in Bimpong Forest Reserve 2022 |
| 942 ## - ADDED ENTRY ELEMENTS (KOHA) | |
| Koha item type | Annual Report |
| Withdrawn status | Lost status | Damaged status | Not for loan | Home library | Current library | Shelving location | Date acquired | Total checkouts | Full call number | Date last seen | Copy number | Price effective from | Koha item type |
|---|---|---|---|---|---|---|---|---|---|---|---|---|---|
| Main Library | Main Library | Open Shelves | 31/03/2023 | MLNR22(BFR) 5530 C1 - MLNR22(BFR) 5531 C2 - MLNR22(BFR) 5532 C3 | 29/04/2024 | 1 | 29/04/2024 | Annual Report |